zpět

Detail výsledku týmu

U Lucerny ČT, Brno

Datum a čas kvízu

28 Celkem bodů Celkový počet nahraných bodů na tomto kvízu bez doplňovacích otázek.
3. Pořadí na kvízu Konečné umístění týmu na tomto kvízu.

Zaznamenané odpovědi

# Otázka Odpověď Body Výsledky
1. Minulý týden navštívil Českou... 1
2. Polsko oznámilo minulý týden n... 0
3. Jak se jmenuje nové album skup... 0
4. Oděvní gigant H&M se potýká s... 1
5. Vedení Kontinentální hokejové... 0
6. Zaměříme se na nová slova v če... 0
7. Jeden z našich nejdůraznějších... 1
8. Mezi několik málo slov, která... 0
9. Jak se nazývá termín, který by... 0
10. Tvorba neologismů není jen zál... 0